Guiding principles for the new early childhood professional : building on strength and competence /

Bibliographic Details
Main Authors: Washington, Valora, 1953- (Author), Gadson, Brenda (Author)
Format: Book
Language:English
Published: New York : Teachers College Press, [2017]
Series:Early childhood education series (Teachers College Press)
Subjects:

MARC

Tag First Indicator Second Indicator Subfields
LEADER 00000cam a2200000 i 4500
001 in00003945809
005 20180214135913.0
008 170922t20172017nyu b 001 0 eng
010 |a  2017034686 
020 |a 9780807758694  |q (pbk. : alk. paper) 
020 |a 0807758698  |q (pbk. : alk. paper) 
020 |z 9780807776643 (ebook) 
035 |a (OCoLC)ocn994317432 
040 |a DLC  |e rda  |c DLC  |d UtOrBLW 
043 |a n-us--- 
049 |a TXAM 
050 0 0 |a LB1139.25  |b .W375 2017 
082 0 0 |a 372.21  |2 23 
100 1 |a Washington, Valora,  |d 1953-  |e author.  |0 http://id.loc.gov/authorities/names/n83221811 
245 1 0 |a Guiding principles for the new early childhood professional :  |b building on strength and competence /  |c Valora Washington and Brenda Gadson ; foreword by Marcy Whitebook. 
264 1 |a New York :  |b Teachers College Press,  |c [2017] 
264 4 |c ©2017 
300 |a xiii, 130 pages ;  |c 23 cm. 
336 |a text  |b txt  |2 rdacontent 
337 |a unmediated  |b n  |2 rdamedia 
338 |a volume  |b nc  |2 rdacarrier 
490 1 |a Early childhood education series 
504 |a Includes bibliographical references and index. 
650 0 |a Early childhood education  |z United States.  |0 http://id.loc.gov/authorities/subjects/sh2008102483 
650 0 |a Early childhood educators  |x Training of  |z United States. 
700 1 |a Gadson, Brenda,  |e author.  |0 http://id.loc.gov/authorities/names/nb2017003453 
830 0 |a Early childhood education series (Teachers College Press)  |0 http://id.loc.gov/authorities/names/n42010157 
945 |b 316002 
947 |a A14850247314 
948 |a cataloged  |b h  |c 2017/11/30  |d c  |e dmitchel  |f 10:20:30 am 
994 |a C0  |b TXA 
999 f f |s 7f81e578-8396-3abf-9481-8e0e0051a7e2  |i 990fa60e-d739-3c23-95f3-318c0905f773  |t 0 
952 f f |p normal  |a Texas A&M University  |b College Station  |c Sterling C. Evans Library  |d Evans: Library Stacks  |t 0  |e LB1139.25 .W375 2017  |h Library of Congress classification  |i unmediated -- volume  |m A14850247314 
998 f f |a LB1139.25 .W375 2017  |t 0  |l Evans: Library Stacks